000 01253nam a2200385 b 4500
001 00535131
003 DO-SdBPM
005 20260525120720.0
007 ta
008 961118s1991 sp | ||| ||spa
017 _a
_b
020 _a8422659093
035 _a
040 _aBPMSU
_bspa
_cBPMSU
_e
041 1 _aspa
_h
080 0 _a
082 0 4 _a833.91
_bK94p 1996
_222
100 1 _aKrüss, James
_eautor
_4aut.
240 1 4 _aDer Weihnachtspapage
_lespañol
245 1 3 _aEl papagayo parlanchín /
_cJames Krüss ; traducción de José A. Santiago Tagle ; ilustraciones de Maite Guerrero
_h
264 _aBarcelona :
_bCírculo de Lectores
_c1996
300 _a86 páginas :
_bilustración ;
_c22 cm
336 _atexto
_brxt
_2rdacontent
337 _asin mediación
_bn
_2rdamedia
338 _avolumen
_bnc
_2rdacarrier
490 0 _aEl barco de vapor ;
_aCírculo de lectores
590 _aInventariado, 2026/VM
650 7 _aCuentos infantiles alemanes
650 7 _a Animales
_vCuentos infantiles
650 7 _aPapagayos
_vCuentos infantiles.
700 1 _aSantiago Tagle, José A.
_etraductor
700 1 _aGuerrero, Maite
_eilustración
910 _aVMateo V. Control de calidad. BPMSU
942 _2ddc
_cBK
999 _c9662
_d9662